[Event "Bad Woerishofen"]
[Site "?"]
[Date "2002.??.??"]
[Round "4"]
[White "Bretscher, Robert"]
[Black "Fries, Elisabeth"]
[Result "0-1"]
[WhiteElo "1644"]
[BlackElo "1448"]
[Annotator "ChessOrg"]
[PlyCount "62"]
[EventDate "2002.??.??"]

1. e4 c6 2. d4 d5 3. e5 Bf5 4. Bd3 Bxd3 5. Qxd3 e6 6. Nf3 h6 7. O-O Ne7 8. Nc3
Nd7 9. Re1 Nf5 10. Ne2 Be7 11. Ng3 Nxg3 12. hxg3 Qb6 13. a3 c5 14. c3 Rc8 15.
b4 cxd4 16. cxd4 Rc4 17. Be3 O-O 18. Rec1 Rfc8 19. Rxc4 Rxc4 20. Rc1 Rxc1+ 21.
Bxc1 Qc6 22. Be3 b5 23. g4 f6 24. Qg6 Nf8 25. Qd3 Nh7 26. Qg6 Nf8 27. Qd3 a6
28. exf6 Bxf6 29. g5 hxg5 30. Bxg5 Bxg5 31. Nxg5 Qc1+ 0-1

[Event "Bad Woerishofen"]
[Site "?"]
[Date "2002.??.??"]
[Round "4"]
[White "Schenfeld, Waldemar"]
[Black "Fries, Werner"]
[Result "1-0"]
[WhiteElo "1484"]
[BlackElo "1664"]
[Annotator "ChessOrg"]
[PlyCount "79"]
[EventDate "2002.??.??"]

1. d4 Nf6 2. Nf3 d5 3. Bf4 Bf5 4. Nbd2 e6 5. e3 Nbd7 6. Be2 c6 7. O-O Qb6 8.
Nb3 Ne4 9. a4 a5 10. h3 Be7 11. Ne5 Nxe5 12. Bxe5 f6 13. Bh2 O-O 14. Ra2 c5 15.
f3 Ng5 16. h4 Nf7 17. g4 Bg6 18. h5 c4 19. Nc1 Bxc2 20. Qxc2 e5 21. Qd1 Rac8
22. Kf2 Ng5 23. dxe5 Qe6 24. exf6 Bc5 25. fxg7 Kxg7 26. Kg2 Bxe3 27. Qc2 d4 28.
f4 Bxc1 29. fxg5 Bxg5 30. Bf3 c3 31. bxc3 Rxc3 32. Qe2 Qxe2+ 33. Rxe2 d3 34.
Be5+ Kh6 35. Rb2 Rc2+ 36. Rf2 Rxb2 37. Rxb2 d2 38. Rb6+ Bf6 39. Rxf6+ Rxf6 40.
Bxf6 1-0

[Event "Bad Woerishofen"]
[Site "?"]
[Date "2002.??.??"]
[Round "4"]
[White "Boog, Frithjof"]
[Black "Schulz, Gert"]
[Result "0-1"]
[WhiteElo "2167"]
[BlackElo "2067"]
[Annotator "ChessOrg"]
[PlyCount "54"]
[EventDate "2002.??.??"]

1. b3 e5 2. Bb2 Nc6 3. c4 Nf6 4. e3 d5 5. cxd5 Nxd5 6. a3 Bd6 7. b4 O-O 8. d3
Be6 9. Nf3 a6 10. Nbd2 Nb6 11. Be2 f5 12. Qc2 Qe8 13. Nc4 Nxc4 14. dxc4 e4 15.
Ng5 Bd7 16. c5 Be5 17. Rd1 h6 18. Bc4+ Kh8 19. h4 Bxb2 20. Qxb2 Ne5 21. Qa2
Nxc4 22. Qxc4 Bb5 23. Qd5 Qh5 24. f3 hxg5 25. g4 fxg4 26. fxg4 Qf7 27. hxg5+
Kg8 0-1

[Event "Bad Woerishofen"]
[Site "?"]
[Date "2002.??.??"]
[Round "4"]
[White "Wittfoth, Kai-Uwe"]
[Black "Neumann, Peter"]
[Result "1-0"]
[WhiteElo "2166"]
[BlackElo "2038"]
[Annotator "ChessOrg"]
[PlyCount "71"]
[EventDate "2002.??.??"]

1. d4 Nf6 2. c4 c5 3. d5 e6 4. Nc3 exd5 5. cxd5 d6 6. e4 g6 7. Bb5+ Bd7 8. a4
Bg7 9. Nf3 O-O 10. Nd2 Re8 11. O-O Bxb5 12. axb5 Nbd7 13. h3 Nh5 14. Qc2 Nb6
15. Nf3 Nc4 16. Qd3 Ne5 17. Nxe5 Bxe5 18. f4 Bd4+ 19. Be3 Bxc3 20. bxc3 Ng3 21.
Rf3 Nxe4 22. f5 Qe7 23. Raf1 g5 24. f6 Qe5 25. Bc1 c4 26. Qxc4 Rac8 27. Qd4
Rxc3 28. Qxa7 Rxf3 29. Rxf3 Qxd5 30. Qa4 Nxf6 31. Bb2 Ne4 32. b6 Rc8 33. Qd7
Qe6 34. Qxb7 Nd2 35. Rxf7 Rc1+ 36. Kh2 1-0

[Event "Bad Woerishofen"]
[Site "?"]
[Date "2002.??.??"]
[Round "4"]
[White "Lindenmair, Anton"]
[Black "Bjarnason, Oskar"]
[Result "1/2-1/2"]
[WhiteElo "2127"]
[BlackElo "2198"]
[Annotator "ChessOrg"]
[PlyCount "72"]
[EventDate "2002.??.??"]

1. d4 d5 2. c4 Bf5 3. Nc3 e6 4. Nf3 Nc6 5. Bf4 Nf6 6. e3 a6 7. Be2 h6 8. O-O
dxc4 9. Bxc4 Nh5 10. Bg3 Nxg3 11. hxg3 Bg4 12. d5 Ne5 13. Qa4+ Nd7 14. dxe6
fxe6 15. Qc2 Qf6 16. Ne4 Qe7 17. Rac1 Bxf3 18. gxf3 Ne5 19. Be2 O-O-O 20. f4
Nc6 21. Qb3 Rd5 22. Rxc6 bxc6 23. Bxa6+ Kd7 24. Bc4 Qb4 25. Bxd5 cxd5 26. Qxb4
Bxb4 27. Nc3 Bxc3 28. bxc3 Ra8 29. Ra1 Ra3 30. c4 dxc4 31. Kf1 Kc6 32. Ke2 Kd5
33. Rd1+ Kc5 34. Rd2 c3 35. Rc2 Kc4 36. f3 g6 1/2-1/2

[Event "Bad Woerishofen"]
[Site "?"]
[Date "2002.??.??"]
[Round "4"]
[White "Bischoff, Dieter"]
[Black "Hartung, Thomas"]
[Result "1-0"]
[WhiteElo "2233"]
[BlackElo "2061"]
[Annotator "ChessOrg"]
[PlyCount "97"]
[EventDate "2002.??.??"]

1. d4 Nf6 2. c4 c5 3. d5 b5 4. Nf3 Bb7 5. Qc2 d6 6. e4 bxc4 7. Bxc4 Nbd7 8. O-O
g6 9. Re1 Bg7 10. Nc3 O-O 11. h3 Nb6 12. Bf1 Qc7 13. Bf4 Rfd8 14. Rac1 Qc8 15.
Bg5 Re8 16. Bb5 Nbd7 17. Qe2 a5 18. a4 Rf8 19. Qd2 Qc7 20. Bh6 Rfd8 21. Bxg7
Kxg7 22. Nh2 Qb6 23. Kh1 Rac8 24. f4 Nb8 25. Ng4 Na6 26. Re3 Nb4 27. f5 h5 28.
Nxf6 exf6 29. fxg6 fxg6 30. Ne2 Qc7 31. Nf4 Kh7 32. Ne6 Qe7 33. Nxd8 Rxd8 34.
Rf1 Kg7 35. Qc3 Rf8 36. b3 Ba8 37. Be2 Re8 38. Rff3 Bb7 39. Rg3 Kh7 40. Bb5 Rf8
41. Bd3 Qg7 42. Ref3 Bc8 43. Rf2 Bb7 44. Rgf3 f5 45. Qd2 Qa1+ 46. Rf1 Qe5 47.
exf5 Bxd5 48. fxg6+ Kg7 49. Rxf8 1-0

[Event "Bad Woerishofen"]
[Site "?"]
[Date "2002.??.??"]
[Round "4"]
[White "Seifert, Volker"]
[Black "Warns, Heiko"]
[Result "1-0"]
[WhiteElo "2261"]
[BlackElo "2140"]
[Annotator "ChessOrg"]
[PlyCount "47"]
[EventDate "2002.??.??"]

1. d4 Nf6 2. c4 e6 3. Nc3 Bb4 4. Qc2 O-O 5. Bg5 c5 6. e3 h6 7. Bh4 cxd4 8. exd4
d5 9. Nf3 Nc6 10. Rd1 Be7 11. a3 b6 12. cxd5 exd5 13. Be2 Be6 14. O-O a6 15.
Ne5 Nxe5 16. dxe5 Nd7 17. Bg3 Qc7 18. Qb1 Qc5 19. Bf3 d4 20. Bxa8 Rxa8 21. Qe4
Rc8 22. Rxd4 Bf5 23. Qd5 Qxd5 24. Nxd5 1-0

[Event "Bad Woerishofen"]
[Site "?"]
[Date "2002.??.??"]
[Round "4"]
[White "Mahrla, Hans"]
[Black "Gaussmann, Manfred"]
[Result "1-0"]
[WhiteElo "1567"]
[BlackElo "1349"]
[Annotator "ChessOrg"]
[PlyCount "109"]
[EventDate "2002.??.??"]

1. e4 d5 2. exd5 Qxd5 3. Nc3 Qd8 4. d4 Nf6 5. Nf3 h6 6. Bc4 e6 7. a3 c6 8. O-O
Bd6 9. Re1 O-O 10. h3 Nbd7 11. Bd3 Nb6 12. Bd2 Qc7 13. Ne5 c5 14. Nb5 Qb8 15.
Nxd6 Qxd6 16. dxc5 Qxc5 17. Ng4 Nxg4 18. Qxg4 f5 19. Qg3 Rf6 20. Bf4 Nd7 21. b4
Qc6 22. h4 Kh7 23. Qe3 Qb6 24. Qd2 Nf8 25. Be5 Rg6 26. Be2 Qc6 27. Bf3 Qxf3 28.
g3 Bd7 29. Re3 Qh5 30. Kh2 Bc6 31. Rae1 Rg4 32. f4 Rxh4+ 33. gxh4 Qxh4+ 34. Rh3
Qg4 35. Rg1 Qxh3+ 36. Kxh3 Ng6 37. Bc7 Rc8 38. Be5 a6 39. Qe3 Rg8 40. c4 Nf8
41. Qg3 g5 42. fxg5 Rxg5 43. Qe1 Rh5+ 44. Kg3 Ng6 45. Rf1 Rg5+ 46. Kf2 Rg2+ 47.
Ke3 Nxe5 48. Qh4 Ng6 49. Qf6 Rg3+ 50. Kd4 Rg4+ 51. Kc5 Re4 52. Qf7+ Kh8 53.
Qxg6 Re5+ 54. Kb6 Re4 55. Rh1 1-0

[Event "Bad Woerishofen"]
[Site "?"]
[Date "2002.??.??"]
[Round "4"]
[White "Ragsch, Klaus"]
[Black "Schnur, Gerhard"]
[Result "0-1"]
[WhiteElo "2020"]
[BlackElo "2145"]
[Annotator "ChessOrg"]
[PlyCount "96"]
[EventDate "2002.??.??"]

1. e4 e6 2. c4 d5 3. exd5 exd5 4. d4 Nf6 5. Nf3 Bb4+ 6. Nc3 O-O 7. Be2 dxc4 8.
O-O Bg4 9. Bg5 Be7 10. Bxc4 Nc6 11. h3 Bxf3 12. Qxf3 Qxd4 13. Bb3 Qb4 14. Bxf6
Bxf6 15. Nd5 Qd4 16. Nxc7 Rac8 17. Rad1 Qxb2 18. Nb5 Na5 19. Bxf7+ Rxf7 20. Nd6
Rcf8 21. Rfe1 Qxa2 22. Nxf7 Qxf7 23. Qf5 Bc3 24. Qxf7+ Rxf7 25. Re3 Bf6 26. Rd5
Nc6 27. Kf1 Kf8 28. Re2 Re7 29. Red2 Kf7 30. g3 b6 31. Kg2 Ne5 32. Rc2 Ke6 33.
Rd8 Rb7 34. Rdc8 a5 35. f4 Nd7 36. Kf3 b5 37. Ke4 a4 38. R8c6+ Ke7 39. Rc7 Rxc7
40. Rxc7 a3 41. Ra7 b4 42. Kd3 Kd6 43. Kc4 Bc3 44. g4 Nc5 45. f5 h6 46. h4 Ne4
47. Kb3 Nd2+ 48. Kc2 a2 0-1

[Event "Bad Woerishofen"]
[Site "?"]
[Date "2002.??.??"]
[Round "4"]
[White "Maugg, Ludwig"]
[Black "Weidig, Hans"]
[Result "1/2-1/2"]
[WhiteElo "2138"]
[BlackElo "1958"]
[Annotator "ChessOrg"]
[PlyCount "47"]
[EventDate "2002.??.??"]

1. d4 f5 2. g3 Nf6 3. Bg2 g6 4. Nf3 Bg7 5. O-O O-O 6. c4 d6 7. Nc3 Qe8 8. d5 c6
9. Rb1 Na6 10. b4 Bd7 11. Qb3 Kh8 12. Bb2 h6 13. Rbd1 cxd5 14. cxd5 Rc8 15. Nd4
Nc7 16. b5 Qd8 17. Ne6 Bxe6 18. dxe6 Rb8 19. e4 fxe4 20. Nxe4 Nce8 21. Rfe1 Ng4
22. Bxg7+ Kxg7 23. h3 Ngf6 24. a4 1/2-1/2

[Event "Bad Woerishofen"]
[Site "?"]
[Date "2002.??.??"]
[Round "5"]
[White "Gawehns, Klaus"]
[Black "Szenetra, Werner"]
[Result "1/2-1/2"]
[WhiteElo "2385"]
[BlackElo "2202"]
[Annotator "ChessOrg"]
[PlyCount "81"]
[EventDate "2002.??.??"]

1. b3 e5 2. Bb2 Nc6 3. e3 g6 4. f4 Bg7 5. Nf3 f6 6. fxe5 Nxe5 7. c4 Ne7 8. Nc3
O-O 9. Be2 d6 10. O-O f5 11. d4 Ng4 12. Qd3 Bh6 13. Bc1 Nc6 14. Nd5 Be6 15. h3
Nf6 16. Nxf6+ Qxf6 17. Bd2 Bd7 18. Rae1 Rae8 19. Bd1 a5 20. a3 b6 21. b4 axb4
22. axb4 Ra8 23. c5 dxc5 24. bxc5 bxc5 25. Qc4+ Kh8 26. d5 Na5 27. Qxc5 Qd6 28.
Bc3+ Bg7 29. Bxg7+ Kxg7 30. Qc3+ Kg8 31. Nd4 Rfe8 32. Bf3 Nb7 33. Rc1 Rac8 34.
Rfe1 Qg3 35. Ne6 Bxe6 36. dxe6 Nd6 37. Bd5 c6 38. Bb3 Re7 39. Qf6 Rce8 40. Re2
Ne4 41. Qb2 1/2-1/2

[Event "Bad Woerishofen"]
[Site "?"]
[Date "2002.??.??"]
[Round "5"]
[White "Pavlovic, Milos"]
[Black "Oberhofer, Max"]
[Result "1-0"]
[WhiteElo "2497"]
[BlackElo "2223"]
[Annotator "ChessOrg"]
[PlyCount "51"]
[EventDate "2002.??.??"]

1. e4 Nf6 2. e5 Nd5 3. d4 d6 4. c4 Nb6 5. f4 dxe5 6. fxe5 g6 7. Nc3 Bg7 8. c5
Nd5 9. Bc4 Nxc3 10. bxc3 O-O 11. Nf3 Bg4 12. O-O Nc6 13. h3 Bxf3 14. Qxf3 e6
15. Qe4 Na5 16. Bd3 Qd7 17. h4 Qa4 18. Bg5 Rae8 19. h5 b6 20. Qg4 Qd7 21. h6
Bh8 22. Bf6 bxc5 23. Bxh8 f5 24. exf6 Rf7 25. Bg7 e5 26. Qh4 1-0

[Event "Bad Woerishofen"]
[Site "?"]
[Date "2002.??.??"]
[Round "5"]
[White "Eingorn, Viacheslav"]
[Black "Khurtsidze, Nino"]
[Result "1-0"]
[WhiteElo "2598"]
[BlackElo "2434"]
[Annotator "ChessOrg"]
[PlyCount "69"]
[EventDate "2002.??.??"]

1. d4 d5 2. c4 e6 3. Nc3 Be7 4. Nf3 Nf6 5. Bg5 h6 6. Bh4 O-O 7. e3 b6 8. Rb1
Ne4 9. Bxe7 Qxe7 10. cxd5 Nxc3 11. bxc3 exd5 12. Bd3 c5 13. O-O Ba6 14. Bxa6
Nxa6 15. Ne5 Nc7 16. a4 Qe6 17. Re1 Rfb8 18. h3 Ne8 19. Qg4 Nd6 20. f3 Re8 21.
Qxe6 fxe6 22. dxc5 bxc5 23. e4 dxe4 24. Rbd1 Nf7 25. Rxe4 Rad8 26. Rxd8 Rxd8
27. Nc6 Rd7 28. Rxe6 Rd3 29. Nxa7 Rxc3 30. a5 c4 31. Nb5 Rc1+ 32. Kh2 c3 33. a6
c2 34. Rc6 Ne5 35. a7 1-0

[Event "Bad Woerishofen"]
[Site "?"]
[Date "2002.??.??"]
[Round "5"]
[White "Kengis, Endins"]
[Black "Kunin, Vitaly"]
[Result "1-0"]
[WhiteElo "2571"]
[BlackElo "2424"]
[Annotator "ChessOrg"]
[PlyCount "63"]
[EventDate "2002.??.??"]

1. Nf3 Nf6 2. g3 d5 3. Bg2 c6 4. O-O Bg4 5. d4 Nbd7 6. Nbd2 e6 7. Re1 Be7 8. e4
dxe4 9. Nxe4 Nxe4 10. Rxe4 Bf5 11. Re1 O-O 12. c3 a5 13. a4 Qb6 14. Qe2 Rfe8
15. Nd2 Rad8 16. Nc4 Qa6 17. Be3 Nc5 18. Nxa5 Nd3 19. b4 e5 20. dxe5 Nxe1 21.
Qxa6 bxa6 22. Rxe1 Rd3 23. Rc1 c5 24. b5 axb5 25. axb5 Bd8 26. Nc4 Bc7 27. b6
Bb8 28. Nd6 Bxd6 29. exd6 Bd7 30. b7 Rxd6 31. Rb1 Rb8 32. Bf4 1-0

[Event "Bad Woerishofen"]
[Site "?"]
[Date "2002.??.??"]
[Round "5"]
[White "Dittmar, Peter"]
[Black "Kveinys, Aloyzas"]
[Result "0-1"]
[WhiteElo "2330"]
[BlackElo "2555"]
[Annotator "ChessOrg"]
[PlyCount "80"]
[EventDate "2002.??.??"]

1. d4 Nf6 2. Nc3 d5 3. Bg5 c6 4. Bxf6 exf6 5. e3 f5 6. Bd3 Bd6 7. Qf3 g6 8.
Nge2 Nd7 9. g4 fxg4 10. Qxg4 Ne5 11. Qg2 Nxd3+ 12. cxd3 Qh4 13. h3 Be6 14.
O-O-O O-O-O 15. Kb1 Kb8 16. Ng1 Qh5 17. Nf3 h6 18. Ne2 g5 19. Ng3 Qg6 20. h4 f6
21. hxg5 hxg5 22. Kc2 Rxh1 23. Rxh1 Rc8 24. Kd2 b6 25. a3 c5 26. dxc5 bxc5 27.
Qf1 f5 28. d4 c4 29. Qb1 Qf6 30. Nh5 Qe7 31. Ng3 Rf8 32. Ne2 f4 33. Rh7 Qe8 34.
Nxg5 Bf5 35. Qh1 fxe3+ 36. fxe3 Qb5 37. Rh8 Qxb2+ 38. Ke1 Qa1+ 39. Kd2 c3+ 40.
Nxc3 Qb2+ 0-1

[Event "Bad Woerishofen"]
[Site "?"]
[Date "2002.??.??"]
[Round "5"]
[White "Rueberg, Jobst"]
[Black "Dreesen, Jan"]
[Result "1-0"]
[WhiteElo "2295"]
[BlackElo "2137"]
[Annotator "ChessOrg"]
[PlyCount "55"]
[EventDate "2002.??.??"]

1. e4 d5 2. exd5 Qxd5 3. Nc3 Qd8 4. Bc4 Nf6 5. Nf3 Bg4 6. Bxf7+ Kxf7 7. Ne5+
Ke8 8. Nxg4 Qd4 9. Nxf6+ gxf6 10. Qh5+ Kd8 11. Ne2 Qe4 12. O-O Qxc2 13. d4 Nd7
14. Bf4 c6 15. Bg3 Qg6 16. Qa5+ Nb6 17. Nf4 Qf7 18. d5 Bh6 19. Ne6+ Kc8 20.
Rfe1 Nxd5 21. Rad1 Nb6 22. Bc7 Nc4 23. Qc3 Nd6 24. Qh3 f5 25. Bxd6 exd6 26.
Qxh6 d5 27. Ng5 Qd7 28. Qf6 1-0

[Event "Bad Woerishofen"]
[Site "?"]
[Date "2002.??.??"]
[Round "5"]
[White "Erenska, Hanna"]
[Black "Skembris, Spyridon"]
[Result "0-1"]
[WhiteElo "2252"]
[BlackElo "2464"]
[Annotator "ChessOrg"]
[PlyCount "44"]
[EventDate "2002.??.??"]

1. e4 e5 2. Nc3 Nf6 3. g3 d5 4. exd5 Nxd5 5. Bg2 Nxc3 6. bxc3 Bc5 7. d3 O-O 8.
Ne2 Nc6 9. Rb1 Bb6 10. Ba3 Re8 11. O-O Bg4 12. h3 Bh5 13. g4 Bg6 14. Ng3 Qh4
15. Kh2 Rad8 16. Qc1 e4 17. Bxe4 Bxe4 18. Nxe4 Rxe4 19. Rxb6 (19. dxe4 Bxf2 20.
Qf4 Rd2 21. Qf3 Ne5 22. Qg2 Bg3+ 23. Kg1) 19... Re2 20. Rb5 Rxf2+ 21. Rxf2
Qxf2+ 22. Kh1 Re8 0-1

[Event "Bad Woerishofen"]
[Site "?"]
[Date "2002.??.??"]
[Round "5"]
[White "Marin, Mihail"]
[Black "Pitl, Gregory"]
[Result "1/2-1/2"]
[WhiteElo "2551"]
[BlackElo "2238"]
[Annotator "ChessOrg"]
[PlyCount "45"]
[EventDate "2002.??.??"]

1. c4 f5 2. g3 Nf6 3. Bg2 g6 4. Nc3 Bg7 5. d4 O-O 6. Nf3 d6 7. O-O Nc6 8. d5
Ne5 9. Nxe5 dxe5 10. Qb3 h6 11. Rd1 g5 12. c5 Kh8 13. Bd2 Rb8 14. Rac1 a6 15.
Be1 e4 16. f3 exf3 17. exf3 f4 18. gxf4 gxf4 19. Ne2 Nh5 20. Bc3 Rg8 21. Kh1
Qe8 22. Rg1 e5 23. Bf1 1/2-1/2

[Event "Bad Woerishofen"]
[Site "?"]
[Date "2002.??.??"]
[Round "5"]
[White "Nevednichy, Vladislav"]
[Black "Himmel, Hansjoerg"]
[Result "1-0"]
[WhiteElo "2569"]
[BlackElo "2238"]
[Annotator "ChessOrg"]
[PlyCount "79"]
[EventDate "2002.??.??"]

1. e4 c5 2. Nf3 e6 3. b3 b6 4. Bb2 Bb7 5. Nc3 a6 6. g3 d6 7. Bg2 Nf6 8. d3 Be7
9. O-O Nc6 10. Ne2 Qc7 11. c4 Rd8 12. Nc3 O-O 13. d4 cxd4 14. Nxd4 Na7 15. Qe2
Qb8 16. Rfe1 Qa8 17. Rad1 Nc8 18. f4 Ne8 19. f5 Bf6 20. fxe6 Bxd4+ 21. Rxd4
fxe6 22. Rd2 Ne7 23. Na4 b5 24. cxb5 axb5 25. Qxb5 e5 26. Qb6 Nc6 27. Qe3 Nf6
28. h3 Kh8 29. Nb6 Qb8 30. Kh2 Qc7 31. Nc4 Bc8 32. Red1 Qf7 33. Qe2 Nh5 34. Qe1
Qa7 35. Nxd6 Rxd6 36. Rxd6 Qxa2 37. Qe3 Nd4 38. Ra1 Qxb3 39. Qxb3 Nxb3 40. Ra8
1-0

[Event "Bad Woerishofen"]
[Site "?"]
[Date "2002.??.??"]
[Round "5"]
[White "Phildius, Bernhard"]
[Black "Wittfoth, Kai-Uwe"]
[Result "0-1"]
[WhiteElo "2330"]
[BlackElo "2166"]
[Annotator "ChessOrg"]
[PlyCount "96"]
[EventDate "2002.??.??"]

1. d4 d5 2. Bg5 c6 3. Nc3 Bf5 4. e3 h6 5. Bh4 Qb6 6. Rb1 e6 7. Bd3 Be7 8. Bxe7
Nxe7 9. Nf3 Nd7 10. O-O Bxd3 11. cxd3 O-O 12. b4 a6 13. Rb3 Ng6 14. Na4 Qc7 15.
Nc5 Rfd8 16. Qa1 Re8 17. Qb2 Nf6 18. Ne5 Nxe5 19. dxe5 Nd7 20. f4 f5 21. e4
fxe4 22. dxe4 Nxc5 23. bxc5 Re7 24. Rb1 Qa5 25. f5 Qxc5+ 26. Kh1 Ra7 27. Rg3 d4
28. f6 Rf7 29. Rf1 b5 30. Rxg7+ Rxg7 31. fxg7 Rxg7 32. Qd2 Qxe5 33. Qxh6 Qxe4
34. Qd2 c5 35. h3 c4 36. Rf4 Qe3 37. Rxd4 Qxd2 38. Rxd2 Rc7 39. Kg1 b4 40. Kf1
b3 41. axb3 cxb3 42. Rd8+ Kf7 43. Rb8 Rc3 44. Ke1 a5 45. Kd2 Rc2+ 46. Kd1 a4
47. Rb4 Rxg2 48. Rxa4 Rg1+ 0-1

[Event "Bad Woerishofen"]
[Site "?"]
[Date "2002.??.??"]
[Round "5"]
[White "Naiditsch, Arkadij"]
[Black "Georgiev, Kiril"]
[Result "1/2-1/2"]
[WhiteElo "2532"]
[BlackElo "2655"]
[Annotator "ChessOrg"]
[PlyCount "94"]
[EventDate "2002.??.??"]

1. e4 c5 2. Nf3 d6 3. d4 cxd4 4. Nxd4 Nf6 5. Nc3 a6 6. f3 Nc6 7. Be3 d5 8. exd5
Nxd5 9. Nxd5 Qxd5 10. Bd3 Nxd4 11. Bxd4 Bf5 12. Bxf5 Qxf5 13. Qe2 e6 14. O-O-O
Be7 15. g4 Qf4+ 16. Kb1 O-O 17. Be5 Qa4 18. Rd4 Qc6 19. Rc4 Qb6 20. a4 Rac8 21.
f4 Rxc4 22. Qxc4 Rd8 23. Qc3 Bb4 24. Qc4 Qc5 25. Qxc5 Bxc5 26. g5 Kf8 27. h4
Be7 28. c4 f6 29. Bc3 Rc8 30. b3 b5 31. axb5 axb5 32. Bb2 bxc4 33. Rc1 Rb8 34.
bxc4 Ba3 35. Rc2 Rb4 36. h5 e5 37. gxf6 exf4 38. fxg7+ Kf7 39. c5 f3 40. c6
Bxb2 41. Ka2 Be5 42. c7 Bxc7 43. Rxc7+ Kg8 44. h6 Rb8 45. Rc3 f2 46. Rf3 f1=Q
47. Rxf1 Rb2+ 1/2-1/2

[Event "Bad Woerishofen"]
[Site "?"]
[Date "2002.??.??"]
[Round "5"]
[White "Pirrot, Dieter"]
[Black "Werner, Clemens"]
[Result "1-0"]
[WhiteElo "2436"]
[BlackElo "2393"]
[Annotator "ChessOrg"]
[PlyCount "88"]
[EventDate "2002.??.??"]

1. e4 d6 2. d4 Nf6 3. Nc3 e5 4. Nf3 Nc6 5. h3 Be7 6. Be2 exd4 7. Nxd4 O-O 8.
O-O Re8 9. Bf4 Bd7 10. Re1 Nxd4 11. Qxd4 Bc6 12. Bc4 Nh5 13. e5 Bg5 14. e6 fxe6
15. Rxe6 Rxe6 16. Bxe6+ Kh8 17. Bh2 Bf6 18. Qe3 Bxc3 19. bxc3 Qe7 20. Re1 Re8
21. f4 g6 22. Re2 Qf6 23. Qd4 Bb5 24. Re3 Qxd4 25. cxd4 Bc4 26. f5 gxf5 27.
Be5+ dxe5 28. Bxc4 e4 29. Bf7 Nf6 30. Bxe8 Nxe8 31. g4 Nd6 32. gxf5 Kg7 33. Rc3
c6 34. Rc5 Kf6 35. Re5 Nxf5 36. Rxe4 Nd6 37. Re3 Nf5 38. Rf3 Ke6 39. c3 b5 40.
Kf2 a5 41. Ke2 a4 42. Kd3 h5 43. Rf2 Ne7 44. c4 b4 1-0

[Event "Bad Woerishofen"]
[Site "?"]
[Date "2002.??.??"]
[Round "5"]
[White "Heika, Martin"]
[Black "Olzem, Lothar"]
[Result "1-0"]
[WhiteElo "2339"]
[BlackElo "2185"]
[Annotator "ChessOrg"]
[PlyCount "41"]
[EventDate "2002.??.??"]

1. e4 c5 2. c3 d5 3. exd5 Qxd5 4. d4 Nc6 5. Nf3 Bg4 6. Be2 cxd4 7. cxd4 e6 8.
Nc3 Qd8 9. Qb3 Bb4 10. O-O Nge7 11. h3 Bh5 12. Rd1 Nd5 13. Nxd5 Qxd5 14. Bc4
Qd6 15. g4 Bg6 16. d5 O-O-O 17. Bf4 Qxf4 18. dxc6 b5 19. Bxb5 Be4 20. Qxb4 a5
21. Ba6+ 1-0

[Event "Bad Woerishofen"]
[Site "?"]
[Date "2002.??.??"]
[Round "5"]
[White "Heinig, Wolfram"]
[Black "Levin, Felix"]
[Result "0-1"]
[WhiteElo "2287"]
[BlackElo "2518"]
[Annotator "ChessOrg"]
[PlyCount "86"]
[EventDate "2002.??.??"]

1. d4 d5 2. c4 e6 3. Nf3 c6 4. Qc2 Nf6 5. g3 dxc4 6. Qxc4 b5 7. Qc2 Bb7 8. Bg2
Nbd7 9. a4 b4 10. Be3 c5 11. dxc5 Rc8 12. O-O Bxc5 13. Bxc5 Rxc5 14. Qb3 Qb6
15. Nbd2 Bd5 16. Qd3 O-O 17. Rfc1 Rfc8 18. Rxc5 Nxc5 19. a5 Qc7 20. Qd4 Na6 21.
Qd3 Qb7 22. Ne1 Bxg2 23. Nxg2 h6 24. Ne3 Nc5 25. Qd4 Qd7 26. Qxd7 Nfxd7 27.
Ndc4 Kf8 28. Rd1 Ke7 29. Kg2 Nb8 30. Kf3 Nc6 31. Ng4 f6 32. Nge3 Nb3 33. Nc2
Nbxa5 34. Nxa5 Ne5+ 35. Ke3 Rxc2 36. f4 Ng4+ 37. Kd3 Rxb2 38. Rc1 Nxh2 39. Rc7+
Kf8 40. Rxa7 Ra2 41. Kc4 Nf1 42. Kxb4 Nxg3 43. e3 h5 0-1

[Event "Bad Woerishofen"]
[Site "?"]
[Date "2002.??.??"]
[Round "5"]
[White "Jenni, Florian"]
[Black "Keller, Manfred"]
[Result "1-0"]
[WhiteElo "2525"]
[BlackElo "2223"]
[Annotator "ChessOrg"]
[PlyCount "69"]
[EventDate "2002.??.??"]

1. e4 e6 2. d4 d5 3. Nc3 Nf6 4. Bg5 Bb4 5. e5 h6 6. Bd2 Bxc3 7. bxc3 Ne4 8. Qg4
g6 9. Bd3 Nxd2 10. Kxd2 c5 11. Nf3 Nc6 12. Rhb1 cxd4 13. cxd4 Qa5+ 14. c3 b6
15. a4 Ba6 16. Bb5 Rc8 17. Qf4 Kf8 18. Qe3 Kg7 19. Qd3 Bb7 20. Ng1 a6 21. Ne2
axb5 22. axb5 Qxa1 23. Rxa1 Na5 24. Ke1 Rc4 25. f4 h5 26. Kf2 Bc8 27. Qg3 Bd7
28. Qg5 Rhc8 29. Qf6+ Kg8 30. Kg3 Nb3 31. Ra7 Be8 32. Kh4 Nd2 33. Ng3 Rxc3 34.
Kg5 Rxg3+ 35. Kh6 1-0

[Event "Bad Woerishofen"]
[Site "?"]
[Date "2002.??.??"]
[Round "5"]
[White "Fahnenschmidt, Gerhard"]
[Black "von Saldern, Ruediger"]
[Result "0-1"]
[WhiteElo "2276"]
[BlackElo "2127"]
[Annotator "ChessOrg"]
[PlyCount "118"]
[EventDate "2002.??.??"]

1. d4 d5 2. c4 c6 3. Nc3 Nf6 4. Bg5 e6 5. e3 Nbd7 6. Nf3 Be7 7. Bd3 h6 8. Bf4
O-O 9. O-O dxc4 10. Bxc4 b5 11. Bd3 Bb7 12. Rc1 a6 13. Ne5 c5 14. Bb1 c4 15. e4
Rc8 16. d5 Nxe5 17. Bxe5 exd5 18. exd5 Nd7 19. Bxg7 Kxg7 20. Qg4+ Bg5 21. f4
Nf6 22. Qf5 Bh4 23. g3 Bxd5 24. gxh4 Qb6+ 25. Rf2 Be6 26. Qc2 Rg8 27. f5 Kf8+
28. Kf1 Ng4 29. fxe6 Ne3+ 30. Ke2 Nxc2 31. Rxf7+ Ke8 32. Re7+ Kxe7 33. Nd5+
Kxe6 34. Nxb6 Rc6 35. Nxc4 Rxc4 36. Bxc2 Rg2+ 37. Kd3 Kd6 38. h5 Rxh2 39. b3
Rc5 40. a3 a5 41. b4 axb4 42. axb4 Rc4 43. Rg1 Rhxc2 44. Rg8 R2c3+ 45. Kd2 Rh3
46. Rg6+ Kd5 47. Rxh6 Rxb4 48. Rh8 Rb2+ 49. Kc1 Rg2 50. Rd8+ Kc4 51. Rd1 Rxh5
52. Kb1 Rhh2 53. Rf1 b4 54. Rf4+ Kb3 55. Rf3+ Ka4 56. Rf1 Ka3 57. Kc1 Ra2 58.
Rf3+ b3 59. Rf2 Raxf2 0-1

[Event "Bad Woerishofen"]
[Site "?"]
[Date "2002.??.??"]
[Round "5"]
[White "Jendel, Christian"]
[Black "Seifert, Volker"]
[Result "0-1"]
[WhiteElo "2014"]
[BlackElo "2261"]
[Annotator "ChessOrg"]
[PlyCount "72"]
[EventDate "2002.??.??"]

1. c4 Nf6 2. Nc3 e6 3. e4 c5 4. e5 Ng8 5. Nf3 Nc6 6. Be2 Nge7 7. O-O Ng6 8. d4
cxd4 9. Nb5 a6 10. Nbxd4 Ncxe5 11. Nxe5 Nxe5 12. Bf4 Ng6 13. Be3 Be7 14. Nb3 d6
15. Qd2 O-O 16. Rfd1 Qc7 17. Rac1 b6 18. f4 Rd8 19. Bf3 Rb8 20. Nd4 Bb7 21. Qf2
Bxf3 22. Qxf3 Rdc8 23. Qh5 Nf8 24. Nf3 Qb7 25. Bf2 Qe4 26. Rd4 Qg6 27. Qh3 b5
28. Bh4 Bxh4 29. Nxh4 Qf6 30. Nf3 bxc4 31. Rc2 d5 32. g4 Rb5 33. Ne5 Ng6 34. g5
Qe7 35. Ng4 Qc5 36. Qe3 Nh4 0-1

[Event "Bad Woerishofen"]
[Site "?"]
[Date "2002.??.??"]
[Round "5"]
[White "Olarasu, Gabriela"]
[Black "Loskamp, Stefan"]
[Result "1-0"]
[WhiteElo "2293"]
[BlackElo "2132"]
[Annotator "ChessOrg"]
[PlyCount "95"]
[EventDate "2002.??.??"]

1. d4 d5 2. c4 e6 3. Nc3 c6 4. e3 Bd6 5. Nf3 f5 6. Qc2 Nf6 7. Bd3 Ne4 8. O-O
O-O 9. Ne5 Nd7 10. f4 Ndf6 11. Bd2 Bd7 12. Be1 b6 13. cxd5 exd5 14. Bh4 Qe8 15.
Rab1 a5 16. a3 h6 17. Na4 Rb8 18. b4 Bxe5 19. dxe5 Ng4 20. Qe2 Qh5 21. Qe1 axb4
22. axb4 Nxe3 23. Qxe3 Qxh4 24. Nxb6 Be6 25. Na4 d4 26. Qc1 Bd5 27. Nc5 Nc3 28.
Nd7 Ra8 29. Nxf8 Kxf8 30. Rb2 g6 31. Qe1 Qxe1 32. Rxe1 Rb8 33. g4 Ne4 34. Rc1
fxg4 35. Bxe4 Bxe4 36. Rc4 Ra8 37. Rxd4 Ra1+ 38. Kf2 Rh1 39. Ke3 Bf3 40. Kd3
Ke7 41. Ra2 Rd1+ 42. Kc3 Rc1+ 43. Kb2 Rh1 44. Ra7+ Ke6 45. Rd6+ Kf5 46. Rf7+
Ke4 47. e6 Rxh2+ 48. Kc3 1-0